000 00611nam a22001937a 4500
005 20241213150923.0
010 _aENG- 143051
020 _c899.00
_a9789392568510
035 _aEN-126586
037 _bDBAD
082 _a370.15
245 _aPsychological Perspectives of Education/
_cedited by Divya Sharma
250 _aFirst
260 _aChhattisgarh
_bAditi Publication
_c2023
270 _bChhattisgarh
_k9425210308
_aOpp. New Panchajanya Vidya Mandir, Near Tiranga Chowk, Kushalpur, Raipur
300 _a379p.
_c21cm(pbk)
700 _975124
942 _2ddc
_cEN
_h370.15
_mPSY
_e1
999 _c207697
_d207697